Collins diccionario español-inglés, Englihs-Spanish. (Record no. 18284)

MARC details
000 -LEADER
campo de control de longitud fija 00927nam a2200265 i 4500
001 - NÚMERO DE CONTROL
campo de control 18284
003 - IDENTIFICADOR DE NÚMERO DE CONTROL
campo de control ES-MaACL
005 - FECHA Y HORA DE LA ÚLTIMA TRANSACCIÓN
campo de control 20240224124236.0
007 - CAMPO FIJO DE DESCRIPCIÓN FÍSICA--INFORMACIÓN GENERAL
campo de control de longitud fija t|
008 - DATOS DE LONGITUD FIJA--INFORMACIÓN GENERAL
campo de control de longitud fija 011121s2000 sp ||||1| spa d
020 ## - NÚMERO INTERNACIONAL ESTÁNDAR DEL LIBRO
Número Internacional Estándar del Libro 84-253-3433-0
080 ## - NÚMERO DE LA CLASIFICACIÓN DECIMAL UNIVERSAL
Número de la Clasificación Decimal Universal (038)=111=134.2
080 ## - NÚMERO DE LA CLASIFICACIÓN DECIMAL UNIVERSAL
Número de la Clasificación Decimal Universal (038)=134.2=111
245 00 - MENCIÓN DEL TÍTULO
Título Collins diccionario español-inglés, Englihs-Spanish.
250 ## - MENCION DE EDICION
Mención de edición 6ª ed.
260 ## - PUBLICACIÓN, DISTRIBUCIÓN, ETC.
Lugar de publicación, distribución, etc. Barcelona :
Nombre del editor, distribuidor, etc. Grijalbo ;
Lugar de publicación, distribución, etc. New York :
Nombre del editor, distribuidor, etc. Collins,
Fecha de publicación, distribución, etc. 2000.
300 ## - DESCRIPCIÓN FÍSICA
Extensión XLV, 2141, 63 p. ;
Dimensiones 27 cm +
Material acompañante/anejo 1 disco CD-ROM.
505 8# - NOTA DE CONTENIDO CON FORMATO
Nota de contenido con formato Contiene disco: "Diccionario de sinónimos del inglés"
650 14 - PUNTO DE ACCESO ADICIONAL DE MATERIA--TÉRMINO DE MATERIA
Término de materia o nombre geográfico como elemento de entrada Lengua española-
Subdivisión de forma Diccionarios-
Subdivisión general Inglés.
9 (RLIN) 14142
650 14 - PUNTO DE ACCESO ADICIONAL DE MATERIA--TÉRMINO DE MATERIA
Término de materia o nombre geográfico como elemento de entrada Lengua inglesa-
Subdivisión de forma Diccionarios-
Subdivisión general Español.
9 (RLIN) 14270
852 ## - LOCALIZACIÓN
Ubicación ES-MaACL
Número de control de estantería A-15181
Sublocalización o colección R.130459
itemnumber 18843
Ubicación en estantería Depósito 1
Signatura antigua Olim: DIC L 134.2=111 col
-- Olim: Meseton
852 ## - LOCALIZACIÓN
Ubicación ES-MaACL
Número de control de estantería ROT 1/7/18
Nota libre . - CD-ROM
942 ## - ELEMENTOS DE ENTRADA SECUNDARIOS (KOHA)
Fuente del sistema de clasificación o colocación Clasificación decimal universal
Holdings
Estatus retirado Estado de pérdida Estado de daño No para préstamo Colección Biblioteca de origen Biblioteca actual Ubicación en estantería Fecha de adquisición Fuente de adquisición Total de préstamos Signatura topográfica completa Código de barras Visto por última vez Precio de reemplazo Tipo de ítem Koha Fuente del sistema de clasificación o colocación
        Colección de referencia Biblioteca del Ateneo de Madrid Biblioteca del Ateneo de Madrid Depósito 17/01/2008     ROT 1/7/18 1018696 23/02/2023 23/02/2023 Libro impreso  
        Colección de referencia Biblioteca del Ateneo de Madrid Biblioteca del Ateneo de Madrid Depósito 1 17/01/2008     A-15181 1018695 23/02/2023 23/02/2023 Libro impreso Clasificación decimal universal